00541nam a22001457a 450000500170000002000260001703500130004303700390005608200110009524501300010626000560023627000520029230000270034470000240037120221018160452.0 a9788126930371c995.00 aB-746023 bAtlantic Publishers & Distributors a327.54 aIndia in the new world order:bthe changing contours of her foreign policy under Narendra Modi /cedited by Raj Kumar Kothari aNew DelhibAtlantic Publishers & Distributorsc2021 a7/22, Ansari Road, DaryaganjbNew Delhie110002 axxii, 288p.c22cm(hbk) aKothari, Raj Kumar